Catalog

Record Details

Catalog Search



Available copies

  • 2 of 3 copies available at LARL/NWRL Consortium.

Current holds

0 current holds with 3 total copies.

Show Only Available Copies
Location Call Number / Copy Notes Barcode Shelving Location Status Due Date
Greenbush Public Library j GAM (Text) 35500004749048 Main Available -
Red Lake Falls Public Library j GAM (Text) 35500004749154 Main Available -
Roseau Public Library j GAM (Text) 35500004749022 Main Checked out 06/20/2026

Record details

  • ISBN: 9781591932093
  • ISBN: 1591932092
  • Physical Description: 288 p. ; 21 cm.
  • Publisher: Cambridge, Minn. : Adventure Publications c2007.

Content descriptions

Summary, etc.:
When Jessie and Buddy stumble upon a cache of ... Read More
Subject: Boundary Waters Canoe Area (Minn.) > Fiction.
Wilderness survival > Minnesota > Boundary Waters Canoe Area > Fiction.
Stolen goods > Minnesota > Boundary Waters Canoe Area > Fiction.
Stealing > Fiction.
Hermits > Fiction.
Outdoor recreation > Fiction.
Minnesota > Fiction.
Mystery and detective stories.
Theft > Fiction.
Hermits > Fiction.
Outdoor recreation > Fiction.
Minnesota > Fiction.
Mystery fiction.
LDR 03055nam a2200601Ka 4500
001124270
003LARL_NWRL_CONSORTIUM
00520101103145110.0
008071102s2007 mnu 000 1 eng d
019 . ‡a154806205
020 . ‡a9781591932093
020 . ‡a1591932092
035 . ‡a(OCoLC)180295677 ‡z(OCoLC)154806205
049 . ‡aNRGB
08214. ‡a[Fic] ‡222
1001 . ‡aGamer, Ron. ‡0(LARL_NWRL_CONSORTIUM)149359
24510. ‡aHidden chance : ‡bsecrets of the hermit's hideaway / ‡cRon Gamer.
24630. ‡aSecretsof the hermit's hideaway.
260 . ‡aCambridge, Minn. : ‡bAdventure Publications ‡cc2007.
300 . ‡a288 p. ; ‡c21 cm.
4900 . ‡aRon Gamer youth outdoor adventure
4900 . ‡aChance
520 . ‡aWhen Jessie and Buddy stumble upon a cache of stolen goods, Jessie recruits Travis to help solve the mystery, which also involves a three-legged dog and a mysterious masked man.
651 0. ‡aBoundary Waters Canoe Area (Minn.) ‡vFiction.
650 0. ‡aWilderness survival ‡zMinnesota ‡zBoundary Waters Canoe Area ‡vFiction.
650 0. ‡aStolen goods ‡zMinnesota ‡zBoundary Waters Canoe Area ‡vFiction.
650 1. ‡aStealing ‡vFiction.
650 1. ‡aHermits ‡vFiction.
650 1. ‡aOutdoor recreation ‡vFiction.
651 1. ‡aMinnesota ‡vFiction. ‡0(LARL_NWRL_CONSORTIUM)166041
650 1. ‡aMystery and detective stories. ‡0(LARL_NWRL_CONSORTIUM)176113
650 7. ‡aTheft ‡vFiction. ‡2sears ‡0(LARL_NWRL_CONSORTIUM)175563
650 7. ‡aHermits ‡vFiction. ‡2sears
650 7. ‡aOutdoor recreation ‡vFiction. ‡2sears
651 7. ‡aMinnesota ‡vFiction. ‡2sears ‡0(LARL_NWRL_CONSORTIUM)166041
650 7. ‡aMystery fiction. ‡2sears ‡0(LARL_NWRL_CONSORTIUM)177693
901 . ‡a124270 ‡bOCLC ‡c124270 ‡tbiblio

Additional Resources